000 00604 a2200253 4500
001 107228
020 _a9788526278417
041 _apor
082 _aAP Year 1 808
100 _aJoly, Fanny.
250 _a5.ed.
300 _a22 p.
490 _aQuem tem medo
697 _aLiteratura infanto-juvenil
697 _aMedo
697 _aComportamento.
830 _aQuem tem medo
856 _u000001/000001b9.jpg
040 _aBR-BrIDEA
_cBR-BrIDEA
090 _aAP Year 1 808
_bJOL
245 1 0 _aQuem tem medo de monstro?
_c Fanny Joly
260 _a[S.l.]
_bScpione
_c2010
942 _cBK
999 _c107228
_d107228